| 000 | 00466 a2200145 4500 | ||
|---|---|---|---|
| 999 |
_c7180 _d7180 |
||
| 020 | _a9780340927410 | ||
| 050 | _aHD 2346 DEE 2006 | ||
| 100 |
_aDeeks, Sarah _eauthor |
||
| 245 |
_aUnderstanding tax for small business : _b teach yourself / _cSarah Deeks |
||
| 264 |
_aU.K. ; _bHodder Headline, _c2006 |
||
| 300 |
_a310p.: _bill. |
||
| 500 | _aIncludes bibliographical references and index | ||
| 650 | _aDealing with tax and liabilities | ||
| 942 |
_2lcc _cBK _h2346 _iDEE _kHD |
||